[Event "AUTO-MASTER-627"]
[Site "http://www.queenalice.com/game.php?id=472459"]
[Date "2008.10.3"]
[Round "1"]
[White "marcus"]
[Black "plexus"]
[Result "1-0"]
[WhiteElo "2242"]
[BlackElo "2357"]

1. e4 e5 2. Nf3 Nf6 3. Nxe5 d6 4. Nf3 Nxe4 5. d4 d5 6. Bd3 Nd6 7. O-O Be7 8. Nc3
c6 9. Re1 O-O 10. Ne2 Nd7 11. Ng3 Re8 12. c3 Nf8 13. Qc2 Be6 14. Ne5 f6 15. Nf3
Bf7 16. Nh4 g6 17. f4 Ne4 18. f5 g5 19. Nxe4 dxe4 20. Rxe4 Bd5 21. Qe2 Bxe4 22.
Qxe4 Bd6 23. Qg4 Qc7 24. Nf3 Bf4 25. Bc4+ Kh8 26. Bxf4 Qxf4 27. Qxf4 gxf4 28.
Kf2 Re3 29. Ng1 Rae8 30. a4 c5 31. Ne2 cxd4 32. cxd4 a5 33. Rd1 h6 34. Nxf4 R3e4
35. Nd5 Nh7 36. g3 1-0

[Event "AUTO-MASTER-627"]
[Site "http://www.queenalice.com/game.php?id=472470"]
[Date "2008.10.3"]
[Round "1"]
[White "amand"]
[Black "marcus"]
[Result "0-1"]
[WhiteElo "2144"]
[BlackElo "2169"]

1. e4 c5 2. Nf3 d6 3. d4 cxd4 4. Nxd4 Nf6 5. Nc3 a6 6. Be2 e5 7. Nb3 Be7 8. O-O
O-O 9. Bg5 Be6 10. f4 exf4 11. Bxf4 Nc6 12. Bf3 Ne5 13. Be2 Rc8 14. Kh1 Nc4 15.
Rb1 Nxb2 16. Rxb2 Rxc3 17. Bd3 b5 18. Qd2 Rc8 19. Rbb1 d5 20. e5 Ne4 21. Nd4
Nxd2 0-1

[Event "AUTO-MASTER-627"]
[Site "http://www.queenalice.com/game.php?id=472471"]
[Date "2008.10.3"]
[Round "1"]
[White "marcus"]
[Black "amand"]
[Result "1-0"]
[WhiteElo "2220"]
[BlackElo "2177"]

1. e4 e6 2. d4 d5 3. Nc3 Bb4 4. e5 c5 5. a3 Ba5 6. b4 cxb4 7. Nb5 b3+ 8. c3 Ne7
9. Nd6+ Kf8 10. Qxb3 Nbc6 11. Ne2 Rb8 12. a4 Nf5 13. Ba3 Kg8 14. Nxf5 exf5 15.
Bd6 Bc7 16. Bxc7 Qxc7 17. Qxd5 b6 18. Qc4 Qb7 19. Nf4 Na5 20. Qd3 g5 21. Nh5 Be6
22. Nf6+ Kg7 23. d5 Rhd8 24. c4 Qc7 25. Qg3 h6 26. dxe6 fxe6 27. f4 Qc5 28. Be2
Nxc4 29. Rc1 Qb4+ 30. Qc3 1-0

[Event "AUTO-MASTER-627"]
[Site "http://www.queenalice.com/game.php?id=472476"]
[Date "2008.10.3"]
[Round "1"]
[White "Papachibe"]
[Black "marcus"]
[Result "0-1"]
[WhiteElo "1969"]
[BlackElo "2198"]

1. e4 c5 2. Nf3 d6 3. Bb5+ Bd7 4. Qe2 Nc6 5. c3 g6 6. O-O Bg7 7. Re1 Qb6 8. d3
Qxb5 9. Na3 Qb6 10. Nc4 Qc7 11. Bf4 b5 12. Ne3 Nf6 13. Nd5 Qb7 14. h3 O-O 15.
Rab1 Rfe8 16. Qd2 e5 17. Bg5 Nxd5 18. exd5 Ne7 19. c4 a5 20. b3 Nf5 21. g4 Nd4
22. Nxd4 exd4 23. Rxe8+ Bxe8 24. Re1 Bf8 25. Re4 Bd7 26. Qe2 f5 27. gxf5 Bxf5
28. Re8 Rxe8 29. Qxe8 Bxd3 30. cxb5 Bxb5 31. Qe6+ Qf7 32. Qe1 Qxd5 33. Bd2 Bc6
0-1

[Event "AUTO-MASTER-627"]
[Site "http://www.queenalice.com/game.php?id=472477"]
[Date "2008.10.3"]
[Round "1"]
[White "marcus"]
[Black "Papachibe"]
[Result "1-0"]
[WhiteElo "2210"]
[BlackElo "1959"]

1. e4 c5 2. Nf3 d6 3. c4 g6 4. d4 cxd4 5. Nxd4 Bg7 6. Nc3 Nc6 7. Be3 Nf6 8. Be2
O-O 9. O-O Re8 10. Qd2 Ng4 11. Bxg4 Bxg4 12. h3 Bd7 13. Rad1 a6 14. b3 Nxd4 15.
Bxd4 Qa5 16. Bxg7 Kxg7 17. Qd4+ f6 18. Nd5 e5 19. Qd3 Be6 20. b4 Qd8 21. Ne3 Re7
22. Qxd6 Qe8 23. Nd5 Bxd5 24. exd5 Rd8 25. Qb6 Red7 26. a4 e4 27. Rfe1 f5 28. c5
Qe7 29. d6 Qe6 30. b5 Qc4 31. c6 bxc6 32. bxc6 Rxd6 33. Rxd6 Rxd6 34. Qc7+ Kh6
35. Qxd6 1-0

[Event "AUTO-MASTER-627"]
[Site "http://www.queenalice.com/game.php?id=541957"]
[Date "2009.2.17"]
[Round "2"]
[White "DEIMOS"]
[Black "marcus"]
[Result "0-1"]
[WhiteElo "2170"]
[BlackElo "2276"]

1. Nf3 Nf6 2. c4 e6 3. g3 b6 4. Bg2 Bb7 5. O-O Be7 6. Nc3 c5 7. b3 O-O 8. Bb2 d5
9. e3 Nbd7 10. Qe2 a6 11. Rfd1 Qc7 12. Rac1 Rfd8 13. cxd5 Nxd5 14. d4 Nxc3 15.
Bxc3 Nf6 16. dxc5 Rxd1+ 17. Qxd1 bxc5 18. Qc2 Be4 19. Qb2 Qb7 20. Ne1 Rd8 21.
Ba5 Rd7 22. Bxe4 Nxe4 23. Qc2 Bd8 24. Bxd8 Rd2 25. Qc4 Nxf2 26. Qh4 Qh1# 0-1

[Event "AUTO-MASTER-627"]
[Site "http://www.queenalice.com/game.php?id=541958"]
[Date "2009.2.17"]
[Round "2"]
[White "marcus"]
[Black "DEIMOS"]
[Result "1-0"]
[WhiteElo "2288"]
[BlackElo "2170"]

1. e4 d6 2. d4 Nf6 3. Nc3 g6 4. f4 Bg7 5. Nf3 c5 6. Bb5+ Bd7 7. e5 Ng4 8. Bxd7+
Qxd7 9. d5 dxe5 10. h3 e4 11. Nxe4 Nf6 12. Nxf6+ Bxf6 13. O-O O-O 14. Ne5 Qd6
15. Nc4 Qc7 16. f5 Na6 17. c3 b5 18. Bf4 Qd7 19. Ne3 Rad8 20. d6 Rfe8 21. fxg6
hxg6 22. Nd5 c4 23. Bg3 Bg7 24. Nxe7+ Rxe7 25. dxe7 Qxe7 26. Qg4 Nc5 27. Bh4
Qe3+ 28. Kh1 1-0

[Event "AUTO-MASTER-627"]
[Site "http://www.queenalice.com/game.php?id=541961"]
[Date "2009.2.17"]
[Round "2"]
[White "enzoiazo"]
[Black "marcus"]
[Result "0-1"]
[WhiteElo "2313"]
[BlackElo "2278"]

1. d4 Nf6 2. Nf3 e6 3. e3 b6 4. Bd3 Bb7 5. O-O c5 6. Nbd2 Be7 7. b3 O-O 8. Bb2
d6 9. Qe2 Nbd7 10. c3 d5 11. Ne5 cxd4 12. cxd4 Nxe5 13. dxe5 Nd7 14. Rac1 Nc5
15. Nf3 Nxd3 16. Qxd3 Qd7 17. Rc2 Rfc8 18. Rfc1 Rxc2 19. Rxc2 Rc8 20. Kf1 Ba6
21. Qxa6 Rxc2 22. Bd4 Rc1+ 23. Ke2 Bb4 24. Ng5 Qe7 25. Nh3 Qh4 26. Kf3 h5 27. g3
Qe4+ 0-1

[Event "AUTO-MASTER-627"]
[Site "http://www.queenalice.com/game.php?id=541962"]
[Date "2009.2.17"]
[Round "2"]
[White "marcus"]
[Black "enzoiazo"]
[Result "1-0"]
[WhiteElo "2255"]
[BlackElo "2303"]

1. e4 Nf6 2. e5 Nd5 3. d4 d6 4. c4 Nb6 5. f4 dxe5 6. fxe5 c5 7. d5 g6 8. Bf4 Bg7
9. Nc3 O-O 10. Qd2 e6 11. O-O-O exd5 12. cxd5 N8d7 13. Nf3 Re8 14. Re1 c4 15. h4
h5 16. Qf2 Qe7 17. d6 Qe6 18. g3 1-0

[Event "AUTO-MASTER-627"]
[Site "http://www.queenalice.com/game.php?id=541965"]
[Date "2009.2.17"]
[Round "2"]
[White "marcus"]
[Black "plexus"]
[Result "0-1"]
[WhiteElo "2300"]
[BlackElo "2428"]

1. e4 c5 2. Nf3 Nc6 3. c4 e5 4. Nc3 a5 5. Be2 d6 6. d3 Nf6 7. O-O Be7 8. Bd2 O-O
9. Qb3 h6 10. Na4 Rb8 11. Nb6 Bg4 12. Qb5 Bxf3 13. Bxf3 Nd4 14. Qxa5 Qc7 15. Nd5
Nxf3+ 16. gxf3 Nxd5 17. cxd5 Qd7 18. Kg2 f5 19. a4 Qe8 20. Qc7 Rd8 21. Rg1 Rd7
22. Qb6 Qh5 23. Qb3 Bg5 24. Bxg5 hxg5 25. Rae1 Rdf7 26. Re3 Rf6 27. Qc2 Rh6 0-1

[Event "AUTO-MASTER-627"]
[Site "http://www.queenalice.com/game.php?id=541966"]
[Date "2009.2.17"]
[Round "2"]
[White "plexus"]
[Black "marcus"]
[Result "1-0"]
[WhiteElo "2433"]
[BlackElo "2287"]

1. e4 c5 2. Nf3 d6 3. d4 cxd4 4. Nxd4 Nf6 5. Nc3 a6 6. Bg5 e6 7. f4 Qc7 8. Bxf6
gxf6 9. Qd2 Nc6 10. O-O-O Bd7 11. Kb1 O-O-O 12. Nb3 h5 13. Be2 Na5 14. Qd4 Be7
15. Rd3 Nxb3 16. cxb3 Kb8 17. Nd5 exd5 18. Rc3 Bc6 19. exd5 Qd7 20. dxc6 bxc6
21. Qb6+ Qb7 22. Rxc6 Rc8 23. Bxa6 Qxb6 24. Rxb6+ Ka7 25. Rb7+ Kxa6 26. Rxe7
Rhg8 27. Rd1 1-0

[Event "AUTO-ELITE-358"]
[Site "http://www.queenalice.com/game.php?id=607000"]
[Date "2009.6.22"]
[Round "1"]
[White "marcus"]
[Black "Toivop"]
[Result "0-1"]
[WhiteElo "2326"]
[BlackElo "2390"]

1. e4 c5 2. Nf3 d6 3. d4 cxd4 4. Nxd4 Nf6 5. Nc3 a6 6. Bg5 e6 7. f4 Qb6 8. Qd2
Qxb2 9. Nb3 Qa3 10. Bxf6 gxf6 11. Be2 Nc6 12. O-O Bd7 13. Kh1 Rc8 14. Rf3 h5 15.
Rd1 Be7 16. e5 fxe5 17. Ne4 Qb4 18. Nxd6+ Qxd6 19. Rd3 Qb4 20. Rxd7 Qxd2 21.
R1xd2 Bb4 22. Rd1 Nd4 23. Rxb7 Nxe2 24. Rxb4 Nxf4 25. c4 e4 26. Nc5 e3 27. g3
Rh6 28. gxf4 Rxc5 29. Kg2 Rf6 30. Kf3 e2 31. Rdb1 Kf8 32. Rc1 a5 33. Rbb1 Ke7
34. a4 Kd6 35. Rb6+ Kc7 36. Ra6 h4 37. h3 Rff5 38. Kxe2 Kb7 39. Rd6 Rxf4 40. Kd3
e5 41. Rd8 Kc7 42. Ra8 f5 43. Ke2 Rfxc4 44. Rxc4 Rxc4 45. Rxa5 Kd6 46. Ra8 Rc2+
47. Kd3 Rh2 48. Ra6+ Kd5 49. Ra5+ Ke6 50. Ra6+ Kd7 51. Ra7+ Kc6 52. Ra6+ Kc7 53.
Kc4 Rxh3 54. Ra7+ Kb8 55. Re7 e4 56. Rf7 Rf3 0-1

[Event "AUTO-ELITE-358"]
[Site "http://www.queenalice.com/game.php?id=607001"]
[Date "2009.6.22"]
[Round "1"]
[White "Toivop"]
[Black "marcus"]
[Result "0-1"]
[WhiteElo "2400"]
[BlackElo "2316"]

1. e4 c5 2. Nf3 d6 3. d4 cxd4 4. Nxd4 Nf6 5. Nc3 a6 6. Bc4 e6 7. O-O Be7 8. a4
O-O 9. Be3 Nxe4 10. Nxe4 d5 11. Nd2 dxc4 12. Nxc4 Qc7 13. b3 Rd8 14. Qf3 Bd7 15.
Rad1 Nc6 16. Ne2 Rf8 17. Bb6 Qc8 18. Qd3 Be8 19. Nd6 Bxd6 20. Qxd6 f6 21. Rd2
Bg6 22. Nf4 Bf5 23. Rfd1 Qe8 24. f3 e5 25. Nd3 Qg6 26. c3 Rae8 27. Nc5 e4 28.
Qd5+ Kh8 29. fxe4 Bxe4 30. Nxe4 Rxe4 31. h3 h6 32. Kh2 Rfe8 33. Bf2 Kh7 34. b4
R8e5 35. Qd3 Rg5 36. Bc5 Ne5 37. Qc2 f5 38. Kh1 Rg3 39. Bd4 Qc6 40. Kh2 Rg5 41.
Rf2 Qe6 42. Kh1 Ng6 43. Qd2 Nh4 44. Bc5 f4 45. Bd6 Nxg2 46. Rxg2 Qxh3+ 47. Kg1
Rg4 48. Bxf4 Rgxf4 49. Qd3 Qh4 50. Rh2 Rg4+ 51. Kh1 Rg6 52. Rf1 Qg4 53. a5 Re5
0-1

[Event "AUTO-ELITE-358"]
[Site "http://www.queenalice.com/game.php?id=607002"]
[Date "2009.6.22"]
[Round "1"]
[White "marcus"]
[Black "cleber"]
[Result "1-0"]
[WhiteElo "2300"]
[BlackElo "2269"]

1. e4 e5 2. Nf3 Nc6 3. Bb5 a6 4. Ba4 Nf6 5. O-O Nxe4 6. d4 b5 7. Bb3 d5 8. dxe5
Be6 9. Qe2 Be7 10. Rd1 O-O 11. c4 bxc4 12. Bxc4 Bc5 13. Be3 Bxe3 14. Qxe3 Qb8
15. Bb3 Na5 16. Ne1 Nxb3 17. axb3 f5 18. exf6 Rxf6 19. f3 Nd6 20. Nd2 Rh6 21.
Nf1 Nf5 22. Qc5 Qxb3 23. Nd3 Rf6 24. Qxc7 d4 25. Nc5 Qb5 26. Nxe6 Rxe6 27. Ra5
1-0

[Event "AUTO-ELITE-358"]
[Site "http://www.queenalice.com/game.php?id=607003"]
[Date "2009.6.22"]
[Round "1"]
[White "cleber"]
[Black "marcus"]
[Result "0-1"]
[WhiteElo "2269"]
[BlackElo "2315"]

1. e4 c5 2. Nf3 d6 3. Bb5+ Bd7 4. Bxd7+ Nxd7 5. O-O Ngf6 6. Qe2 e6 7. d4 cxd4 8.
Nxd4 Be7 9. Nc3 a6 10. Be3 O-O 11. f4 Qc7 12. f5 e5 13. Nf3 Qc6 14. Qd3 Nc5 15.
Bxc5 Qxc5+ 16. Kh1 Rac8 17. Rae1 b5 18. a3 a5 19. Re2 b4 20. axb4 axb4 21. Nd5
Nxd5 22. exd5 Qc4 23. Rd1 Qxd3 24. Rxd3 g6 25. fxg6 hxg6 26. Rb3 Rc4 0-1

[Event "AUTO-ELITE-641"]
[Site "http://www.queenalice.com/game.php?id=844942"]
[Date "2010.10.13"]
[Round "1"]
[White "marcus"]
[Black "Donidon"]
[Result "1-0"]
[WhiteElo "2318"]
[BlackElo "2308"]

1. e4 Nf6 2. e5 Nd5 3. c4 Nb6 4. d4 d6 5. f4 dxe5 6. fxe5 Bf5 7. Nc3 e6 8. Nf3
Be7 9. Be3 O-O 10. Be2 Nc6 11. O-O f6 12. Qe1 Qe8 13. Rd1 fxe5 14. dxe5 a6 15.
Qg3 Rd8 16. Nh4 Bxh4 17. Qxh4 Rxd1 18. Rxd1 Nxe5 19. Bxb6 cxb6 20. Qd4 Nc6 21.
Qxb6 Qe7 22. Qe3 Bc2 23. Rd2 Bg6 24. a3 Qh4 25. g3 Qe7 26. Bf3 Na5 27. Nd5 Qf7
28. b3 Nxb3 29. Rf2 Na5 30. Nf4 Re8 31. Qc5 Nc6 32. Bxc6 bxc6 33. Nxg6 Qxg6 34.
Qxc6 Rf8 35. Rxf8+ Kxf8 36. Qxa6 Qb1+ 37. Kf2 Qc2+ 38. Ke3 Qxh2 39. Qd6+ Kf7 40.
c5 Qb2 41. Qd7+ Kf8 42. Qxe6 Qxa3+ 43. Kd4 Qxg3 44. c6 Qg5 45. Kc4 Qe7 46. Kd5
Qg5+ 47. Kd6 Qd8+ 48. Qd7 Qb8+ 49. c7 Qb4+ 50. Kd5 Qa5+ 51. Kc4 Qa2+ 52. Kb5
Qb3+ 53. Ka6 Qc4+ 54. Kb6 Qb4+ 55. Qb5 Qd6+ 56. Kb7 Qe7 57. Qf5+ Ke8 58. Kc6
Qf6+ 59. Qxf6 gxf6 60. c8=Q+ 1-0

[Event "AUTO-ELITE-641"]
[Site "http://www.queenalice.com/game.php?id=844943"]
[Date "2010.10.13"]
[Round "1"]
[White "Donidon"]
[Black "marcus"]
[Result "0-1"]
[WhiteElo "2308"]
[BlackElo "2306"]

1. e4 c5 2. Nf3 d6 3. d4 cxd4 4. Nxd4 Nf6 5. Nc3 a6 6. Bc4 e6 7. Bb3 Nbd7 8. O-O
Nc5 9. Be3 Nfxe4 10. Nxe4 Nxe4 11. Qd3 Nc5 12. Qc3 Be7 13. Nf5 exf5 14. Bxc5
dxc5 15. Qxg7 Rf8 16. Rfe1 Qd4 17. Rxe7+ Kxe7 18. Re1+ Be6 19. Rxe6+ Kd7 20.
Qxd4+ cxd4 21. Re1 Rad8 22. Kf1 Kd6 23. Rd1 Ke5 24. Ke2 Kf6 25. Kf3 Rfe8 26. Bc4
Re5 27. Bd3 h5 28. h4 Rde8 29. Kf4 Re1 30. Rd2 b5 31. Bxf5 R1e2 32. Rxe2 Rxe2
33. Kf3 Re1 34. Bd3 Ke5 35. g3 Rb1 36. b3 Ra1 37. g4 hxg4+ 38. Kxg4 f5+ 39. Kg5
Rg1+ 40. Kh6 Kf6 41. h5 Rg4 42. a4 bxa4 43. bxa4 a5 44. Kh7 Rf4 45. h6 Rxf2 46.
Kh8 Rg2 47. Kh7 Rg3 48. Kh8 f4 49. Be4 d3 50. cxd3 f3 51. Bxf3 Rxf3 52. d4 Kf7
0-1